Los conceptos jurídicos y su terminología
Uloženo v:
| Hlavní autor: | |
|---|---|
| Médium: | Kniha |
| Jazyk: | španělština |
| Vydáno: |
Buenos Aires
Depalma
1987
|
| Vydání: | Tercera edición |
| Témata: | |
| Tagy: |
Přidat tag
Žádné tagy, Buďte první, kdo vytvoří štítek k tomuto záznamu!
|
MARC
| LEADER | 00000nam a2200000 a 4500 | ||
|---|---|---|---|
| 001 | UCV1337 | ||
| 003 | CL-VaPUC | ||
| 005 | 20220122074429.0 | ||
| 008 | 900417e19870000AG |||||||||||||||||spa|d | ||
| 999 | |c 209321 |d 209319 | ||
| 040 | |c Pontificia Universidad Católica de Valparaíso | ||
| 082 | 0 | 4 | |a 340.11 BIE 1987 |2 21 |
| 100 | 0 | |a Bielsa, Rafael |9 295584 | |
| 245 | 1 | 4 | |a Los conceptos jurídicos y su terminología |
| 250 | |a Tercera edición | ||
| 260 | |a Buenos Aires |b Depalma |c 1987 | ||
| 300 | |a 309 páginas | ||
| 505 | |a Lenguaje jurídico. Conceptos, estilos y terminología. Redacción de textos legales y administrativos. Tesis doctorales. Aforismos jurídicos. Citas bibliográficas. | ||
| 583 | |a last modification |c 19900417 00:00:00 |k Rodrigo Vera | ||
| 650 | 7 | |a HISTORIA DEL DERECHO |2 CL-VaPUC |9 256254 | |
| 650 | 0 | |a Diccionarios |9 256200 | |
| 650 | 0 | |a Lexicografía |9 321487 | |
| 942 | |c BK |2 ddc | ||
| 945 | |d 19900417 00:00:00 | ||
| 952 | |0 0 |1 0 |2 ddc |4 0 |6 340_110000000000000_BIE_1987 |7 0 |8 DER_TF |9 184656 |a BIBDER |b BIBDER |d 2019-11-14 |i 2519631 |l 1 |o 340.11 BIE 1987 |p 2519631 |r 2023-01-25 |s 2020-03-17 |t 1 |w 2019-11-14 |x Ubicación 4to Piso |y BK |z Estos recursos deben solicitarse con anticipación |k DER | ||